Statistiche per Primi 15 paesi interessati da Covid-19 - 29 luglio

Clicka qui per fare il quiz!

Statistiche generali

  • Questo quiz è stato fatto 4 volte
  • Il punteggio medio è 8 su 25

Statistiche sulle risposte

nazione% Corretto
Italia
100%
Russia
100%
Spagna
100%
Brasile
67%
Messico
67%
Regno Unito
67%
Stati Uniti
67%
India
33%
Iran
33%
Israele
33%
Perù
33%
Singapore
33%
Svezia
33%
Arabia Saudita
0%
Armenia
0%
Bahrain
0%
Cile
0%
Cile
0%
Colombia
0%
Kuwait
0%
Oman
0%
Pakistan
0%
Panama
0%
Qatar
0%
Sudafrica
0%

Distribuzione punteggi

Percentile per numero di risposta

Percentuale di utenti per punteggio

I tuoi punteggi nel tempo

Non hai fatto questo quiz